| 000 | 00478cam a22002051 4500 | ||
|---|---|---|---|
| 001 | sa 66008009 | ||
| 003 | DLC | ||
| 005 | 20260227112309.0 | ||
| 008 | 890713s1966 ii 000 1 beno | ||
| 010 | _asa 66008009 | ||
| 035 | _a(OCoLC)20006646 | ||
| 040 |
_aDLC _cWaU _dDLC |
||
| 042 | _apremarc | ||
| 050 | 0 | 0 |
_aPK1718.H254 _bB45 |
| 100 | 1 |
_aHaldar, Gopal, _d1902- |
|
| 245 | 1 | 0 | _aBhāṅanī kūla. |
| 260 | _c[1966] | ||
| 300 |
_a158 p. _c23 cm. |
||
| 500 | _aA novel. | ||
| 999 |
_c71574 _d71574 |
||